000 01062nam a2200301 a 4500
001 000040727
003 OSt
005 20250129172553.0
007 ta
008 130905e2008 dr eri 001 0dspa d
020 _a9789945140415
040 _aDO-SdBNP
_bspa
_cBNPHU
041 _hspa
082 _axxxx
_bH519u
100 1 _aHenríquez Gratereaux, Federico,
_d1937-
_92003
245 1 0 _aUbres de novelastra. /
_cFederico Henríquez Gratereaux.
260 _aSanto Domingo, :
_bCorripio,
_c2008.
300 _a510 p. ;
_c23 cm.
505 1 _aCapítulo I :
_tLa tinaja blindada.-
505 1 _aCapítulo II :
_tNombres solitarios en día libre.-
505 1 _aCapítulo III :
_tDisputa en víspera de viaje.-
505 1 _aCapítulo IV :
_tLa boca de un volcán apagado.-
505 1 _aCapítulo V :
_tBrusca interrupción de la lectura.-
505 1 _aCapítulo VI :
_tUn fugitivo afortunado.-
505 _aCapítulo VII :
_tDescubrir un tumor sentimental.-
590 _aLa biblioteca posee un ejemplar autografíado por el autor
942 _2ddc
_cLBS1
999 _c40217
_d40217